000 00546nam a22001817a 4500
003 OSt
005 20110516133349.0
008 110514t xxu||||| |||| 00| 0 eng d
020 _a0406024049
040 _aLDC
082 _a031 ENC
245 _aThe Encyclopaedia of forms and precedents : Sale Of Land Vol.35 /
250 _a5th ed. _
260 _aLondon :
_bButterworths,
_c1989-
300 _av;
942 _2ddc
_cREF
999 _c2039
_d2039